Colonial students, (Record no. 1650)

MARC details
000 -LEADER
fixed length control field 00899cam a22002891i 4500
001 - CONTROL NUMBER
control field 9816789
003 - CONTROL NUMBER IDENTIFIER
control field OSt
005 - DATE AND TIME OF LATEST TRANSACTION
control field 20230620113320.0
008 - FIXED-LENGTH DATA ELEMENTS--GENERAL INFORMATION
fixed length control field 770323s1956 xx 000 0 eng
010 ## - LIBRARY OF CONGRESS CONTROL NUMBER
LC control number a 58005533
015 ## - NATIONAL BIBLIOGRAPHY NUMBER
National bibliography number GB56-12789
035 ## - SYSTEM CONTROL NUMBER
System control number (OCoLC)2827609
040 ## - CATALOGING SOURCE
Original cataloging agency DLC
Transcribing agency OU
Modifying agency CaSRU
-- Uk
-- DLC
042 ## - AUTHENTICATION CODE
Authentication code premarc
043 ## - GEOGRAPHIC AREA CODE
Geographic area code e-uk---
-- e-uk-en
050 00 - LIBRARY OF CONGRESS CALL NUMBER
Classification number DA125.A1
Item number C3
082 ## - DEWEY DECIMAL CLASSIFICATION NUMBER
Classification number 320.53
Item number CAR
100 1# - MAIN ENTRY--PERSONAL NAME
Personal name Carey, Alexander Timothy.
245 10 - TITLE STATEMENT
Title Colonial students,
Remainder of title a study of the social adaptation of colonial students in London.
Statement of responsibility, etc. With a pref. by Kenneth L. Little.
260 ## - PUBLICATION, DISTRIBUTION, ETC. (IMPRINT)
Place of publication, distribution, etc. London,
Name of publisher, distributor, etc. Secker & Warburg,
Date of publication, distribution, etc. 1956.
300 ## - PHYSICAL DESCRIPTION
Extent xii. 267 p.
Dimensions 22 cm.
504 ## - BIBLIOGRAPHY, ETC. NOTE
Bibliography, etc Bibliography: p. 265-267.
650 #0 - SUBJECT ADDED ENTRY--TOPICAL TERM
Topical term or geographic name as entry element Students, Foreign
Geographic subdivision England
-- London.
651 #0 - SUBJECT ADDED ENTRY--GEOGRAPHIC NAME
Geographic name Great Britain
General subdivision Race relations.
906 ## - LOCAL DATA ELEMENT F, LDF (RLIN)
a 7
b cbc
c oclcrpl
d u
e ncip
f 19
g y-gencatlg
942 ## - ADDED ENTRY ELEMENTS (KOHA)
Source of classification or shelving scheme Dewey Decimal Classification
Koha item type Books
Holdings
Withdrawn status Lost status Source of classification or shelving scheme Damaged status Not for loan Home library Current library Date acquired Total Checkouts Full call number Barcode Date last seen Price effective from Koha item type
    Dewey Decimal Classification     County Hall Archives County Hall Archives 06/20/2023   320.53 CAR 10000749 06/20/2023 06/20/2023 Books
LIBRARY OPENING HOURS

When the Parliament is sitting: 8.00a.m - 7.00p.m or until the house adjourns
Mondays and Fridays and when the House is on Recess:  8.00a.m - 5.00p.m
Closed on Weekends and Public Holidays

Online Public Access Catalog (OPAC)
Website: http://www.parliament.go.ke
Bunge Library: https://libraryir.parliament.go.ke
Contact: library@parliament.go.ke | Tel no: (254-2)2221291 or 2848000 Ext 5043